¿ Quién teme a Ríos Montt?

Uloženo v:
Podrobná bibliografie
Médium: Text
Témata:
Tagy: Přidat tag
Žádné tagy, Buďte první, kdo vytvoří štítek k tomuto záznamu!

MARC

LEADER 00000 a a2200000 04500
001 6678
003
040
245 |a ¿ Quién teme a Ríos Montt?  
650 |a CONFLICTO POLITICO  
650 |a ELECCIONES  
773 |g volumen 24, número 1058; páginas 12-14  
999 |c 36127  |d 36127